Environmental microbiology : from genomes to biogeochemistry

Bibliographic Details
Main Author: Madsen,Eugene L
Format: Book
Language:English
Published: Australia : Blackwell , 2008
Subjects:

MARC

LEADER 00000cam a2200000 7i4500
001 0000021352
005 20090204.0
008 090203 at a i eng
020 |a 9781405136471 
040 |a INS 
090 0 0 |a QR100   |b M33 2008 
100 1 |a Madsen,Eugene L 
245 1 0 |a Environmental microbiology :   |b from genomes to biogeochemistry   |c Eugene L.Madsen 
260 |a Australia :   |b Blackwell ,   |c 2008 
300 |a ix, 479p. :   |b ill.col. ;   |c 25cm. 
500 |a Includes index 
650 0 0 |a Microbial ecology 
999 |a 0000020462   |b BOOK   |c Open Shelf   |e Default branch